Lady Killers II - G-Eazy - All Lyrics - Statistics

General Stats
  • This quiz has been taken 44 times
  • The average score is 465 of 658
Answer Stats
Answer % Correct
a
100%
a,
100%
her
100%
her;
100%
her,
100%
I
100%
do
97%
don't
97%
Don’t
97%
I'm
97%
I’m
97%
I'mma
97%
killer,
97%
killer;
97%
killer
97%
know
97%
lady
97%
like
97%
(brr!),
94%
if
94%
no
94%
No,
94%
the
94%
then
94%
Then
94%
yo,
94%
you
94%
you,
94%
familiar
91%
familiar)
91%
get
91%
(Get
91%
go
91%
make
91%
Make
91%
on
91%
should
91%
So
91%
So-so-so
91%
got
88%
Got
88%
Got-got
88%
got-got
88%
my,
88%
my
88%
now
88%
probably
88%
when
88%
When
88%
by
84%
want
84%
fly
81%
fuck
81%
fuck,
81%
not
81%
steal
81%
away
78%
jacket,
78%
Just
78%
just
78%
thriller
78%
what
78%
leather
75%
promise
75%
could
72%
she
72%
that
72%
caterpillars
69%
Man
69%
man,
69%
to
69%
Yeah,
69%
ain't
66%
feel
66%
gone
66%
gonners;
66%
ill
66%
I'll
66%
nothin'
66%
whiskey
66%
whiskey,
66%
every
63%
Every
63%
is
63%
it
63%
poof
63%
she's
63%
She’s
63%
this
63%
This
63%
Addicted
59%
be
56%
can't
56%
Can’t
56%
coming
56%
cumming
56%
love
56%
We
56%
we
56%
with
56%
life
53%
life,
53%
me,
53%
me
53%
night
53%
of
53%
say
53%
your
53%
and
50%
And
50%
bitches,
50%
down
50%
in
50%
liver
50%
Take
50%
There
50%
as
47%
disappear
47%
drinking
47%
iller
47%
real
47%
Swear
47%
truth
47%
try
47%
101
44%
other
44%
roof
44%
shiver
44%
stop
44%
for
41%
fuckin'
41%
Girl
41%
Homie,
41%
how
41%
it's
41%
mother
41%
new
41%
top
41%
type,
41%
up
41%
up,
41%
you're
41%
You're
41%
back
38%
even
38%
eye
38%
fucked
38%
hoes
38%
mixing
38%
Off
38%
out
38%
proof
38%
see
38%
shit
38%
sorry
38%
straight
38%
they
38%
All
34%
bitter
34%
bring
34%
built
34%
day
34%
goes
34%
hell,
34%
leave
34%
look
34%
respond
34%
smart
34%
Snatching
34%
start
34%
that's
34%
too
34%
until
34%
Vermouth
34%
'Benz
31%
cuffing
31%
give
31%
keep
31%
let
31%
pens
31%
She’ll
31%
she'll
31%
strong
31%
sure
31%
thing
31%
Cold
28%
dude
28%
nothing
28%
reply
28%
sharpie
28%
sliver
28%
something
28%
true
28%
aloof
25%
boobs
25%
bye
25%
easy,
25%
honors
25%
kilt
25%
signing
25%
tell
25%
these
25%
waving
25%
who's
25%
will
25%
chill
22%
far
22%
girls
22%
pipe
22%
Sick
22%
Text
22%
you'll
22%
Always
19%
at
19%
bends
19%
friends
19%
hard
19%
hope,
19%
kick
19%
Next
19%
party
19%
sayin'
19%
soon
19%
trends,
19%
artsy
16%
Put
16%
Rich
16%
smoking
16%
surface
16%
taken
16%
20000
13%
booth
13%
ends
13%
Flip
13%
here
13%
park
13%
raps
13%
starts
13%
taking
13%
'till
13%
trying
13%
browsing
9%
pull
9%
robbing
9%
Wilt
9%
because
6%
chicks
6%
crashing
6%
crew
6%
galleries
6%
gets
6%
loves
6%
sleep
6%
afterwards
3%
Catch
3%
light
3%
Roll
3%
around
0%
Crew’s
0%
openings
0%
raging
0%
rambunctious,
0%
yawners
0%
No matching quizzes found
Score Distribution
Percent of People with Each Score
Percentile by Number Answered
Your Score History
You have not taken this quiz